BIBLIOTHÈQUE DE LA MAISON DU MEXIQUE

Logo 1 Logo 2

Un viaje a México en 1864 (notice nᵒ 7997)

détails MARC
000 -Sello discográfico
campo de control de longitud fija 01156nam a2200337 4500
005 - Identificación de versión
campo de control 20251017062902.0
010 ## - Número Estándar Internacional de Libros (ISBN)
Número (ISBN) 968-16-9671-9
099 ## - fechas locales
Tipo de ítem Koha LIBRO
100 ## - Datos de procesamiento general
Datos de procesamiento general 20250304d1984 m y1spay5003 ba
101 ## - Idioma del recurso
Idioma del texto, banda sonora, etc. Español; Castellano
Idioma de la obra original Italiano
105 ## - Campo de datos codificados: Material textual, monográfico
Datos codificados de monografía a 001zy
200 1# - Título y mención de responsabilidad
Título propio Un viaje a México en 1864
Designación general del material texto impreso
Primer mención de responsabilidad Condesa Paula Kolonitz
Declaración de responsabilidad subsiguiente traducción del italiano Neftali Beltrán
-- prólogo Luis G. Zorrilla
-- ilustración Antonio Barrera
205 ## - Declaración de edición
Declaración de edición 1a ed
210 ## - Publicación, distribución, etc.
Lugar de publicación, distribución, etc. México
Nombre del editor, distribuidor, etc. Fondo de Cultura Económica
-- Secretaría de Educación Pública
Fecha de publicación, distribución, etc. 1984
215 ## - Descripción física
Designación de material específico y extensión del ítem 190 p
Otras características físicas il.
Dimensiones 21 cm
345 ## - Nota de información de adquisición
Fuente de adquisición/dirección de la suscripción [OBSOLETO] Donación
410 #1 - Series
Título Lecturas mexicanas
Número de volumen 41
607 ## - Nombre geográfico utilizado como tema
Elemento de entrada México
Subdivisión temática Descripción y viajes
Número Koha 1948
660 ## - Código de área geográfica
Código MX
700 ## - Nombre personal - Responsabilidad primaria
Elemento de entrada Kolonitz
Parte del nombre distinta del elemento de entrada Paula
Fechas 1830-1890
Adiciones a los nombres que no sean fechas Condesa
Número Koha 13885
702 ## - Nombre personal - Responsabilidad secundaria
Elemento de entrada Barrera
Parte del nombre distinta del elemento de entrada Antonio
Número Koha 13886
702 ## - Nombre personal - Responsabilidad secundaria
Elemento de entrada Beltrán
Parte del nombre distinta del elemento de entrada Neftalí
Fechas 1916-1996
Número Koha 13887
702 ## - Nombre personal - Responsabilidad secundaria
Elemento de entrada Zorrilla Ochoa
Parte del nombre distinta del elemento de entrada Luis G.
Fechas 1930-2008
Número Koha 13888
801 ## - Fuente de origen
País FR
Agencia cm
Reglas de catalogación (convenciones descriptivas) AFNOR
900 ## -
-- 1/23557
900 ## -
-- 7100417642\080104
942 ## - ELEMENTOS DE ENTRADA SECUNDARIOS (KOHA)
Tipo de ítem Koha Livre
996 ## -
-- MEX
-- 751145101
-- MMAG
-- 012603
-- 860.64 L364 V.41
-- 20250304LIV
Exemplaires
Estatus retirado Estado de daño Estado de pérdida Fecha de adquisición Biblioteca de origen Biblioteca actual Ubicación en estantería Código de barras Precio de reemplazo Signatura topográfica completa No para préstamo Tipo de ítem Koha Nota pública Nota no pública
      05/08/2025 Casa México Paris Casa México Paris   012603 05/08/2025 860.64 L364 V.41   Livre 20250304LIV 751145101